000 00333nam a2200133Ia 4500
005 20251222141827.0
008 251222s9999||||xx |||||||||||||| ||spa||
020 _a84-7339-499-2
082 _a709.034/F81
100 _aPierre Francastel
245 0 _aArte, arquitectura y estética en el siglo XVIII
264 _bAkal
942 _cLIB
999 _c7000
_d7000